| 000 | 00474nam a22001697a 4500 | ||
|---|---|---|---|
| 005 | 20200520103805.0 | ||
| 008 | 200520b xxu||||| |||| 00| 0 eng d | ||
| 020 | _a8174733108 | ||
| 041 | _aeng | ||
| 082 | _a616.9 WHO | ||
| 100 |
_aWHO _95187 |
||
| 245 | _aZoo nose and Communicable diseases common to Man and Animals cihamydioses rickttisiosses and viroses II | ||
| 260 |
_aDelhi _bAITBS Publishers _c2006 |
||
| 300 | _a157,xv | ||
| 650 |
_aPharmacy _95564 |
||
| 942 | _cBK | ||
| 999 |
_c6304 _d6302 |
||